Monte alban's hinterland. tomo 2, parte 2 /
Guardado en:
| Formato: | Libro |
|---|---|
| Publicado: |
Ann Arbor, Michigan :
Memoirs Of The Museum Of Anthropology, Univ. Of Michigan,
1989
|
| Series: | Memoirs, 15 Y 23
|
| Materias: | |
| Etiquetas: |
Agregar Etiqueta
Sin Etiquetas, Sea el primero en etiquetar este registro!
|
| LEADER | 00506nam a22001455a 4500 | ||
|---|---|---|---|
| 001 | EHU.bham005129 | ||
| 003 | AR-BHAM | ||
| 005 | 20081015152601.0 | ||
| 008 | 130507s1989##################000#0#####d | ||
| 082 | 5 | 7 | |a 572.7 |
| 245 | 0 | 0 | |a Monte alban's hinterland. tomo 2, parte 2 / |c . |
| 260 | |a Ann Arbor, Michigan : |b Memoirs Of The Museum Of Anthropology, Univ. Of Michigan, |c 1989 | ||
| 490 | 0 | |a Memoirs, 15 Y 23 | |
| 653 | |a Antropologia cultural | ||
| 859 | |a AR-BHAM |b BIB. HUMANIDADES - General |h 572.7 |i M764 |p 304.90 |t Ej.1 |v II-2 |3 II-2 | ||
